[Event "Moscow Tal Memorial 3rd"]
[Site "Moscow"]
[Date "2008.08.18"]
[Round "1"]
[White "Kramnik, Vladimir"]
[Black "Shirov, Alexei"]
[Result "1-0"]
[WhiteElo "2788"]
[BlackElo "2741"]
[Annotator "Krasenkow,M"]
[PlyCount "91"]
[EventDate "2008.08.18"]
[EventType "tourn"]
[EventRounds "9"]
[EventCountry "RUS"]
[EventCategory "20"]
[SourceTitle "CBM 126"]
[Source "ChessBase"]
[SourceDate "2008.10.01"]
[SourceVersion "1"]
[SourceVersionDate "2008.10.01"]
[SourceQuality "1"]

1. d4 d5 2. c4 e6 3. Nc3 c6 4. e3 Nf6 5. Nf3 Nbd7 6. Bd3 dxc4 7. Bxc4 b5 8. Bd3
Bb7 9. a3 b4 10. Ne4 Nxe4 11. Bxe4 bxa3 12. O-O Bd6 {About this line - see CBM
115, annotations to Topalov-Kramnik by GM M.Marin (as well as Avrukh -
Al-Modiahki in CBM 95).} 13. Nd2 {A rare move (not a formal novelty, though)
paving a new way, which may gain popularity after this game.} (13. b3 {and}) (
13. b4 $5 {are main options.}) 13... Qc7 (13... O-O 14. b3 (14. Nc4 $5) 14...
Ba6 $5 (14... Qb8 15. h3 Bb4 16. Bxa3 Bxa3 17. Rxa3 f5 18. Bf3 c5 19. Qe2 cxd4
20. exd4 Re8 21. Bxb7 Qxb7 22. Nc4 $14 {1/2 Arencibia Rodriguez,W (2542)-Abreu
Delgado,A (2480)/Santa Clara 2002/CBM 088 ext (33)}) 15. Re1 Bb5 16. Bf3 a6 17.
Nc4 Bb4 18. Bd2 Qe7 19. Qc1 Bxd2 20. Qxd2 e5 21. Qa5 exd4 22. exd4 Qd8 23. Qxa3
$14 {1-0 Mikhalevski,V (2592)-Miton,K (2580)/Lubbock USA 2008/The Week in
Chess 724 (32)}) 14. Nc4 $1 {[%mdl 512] That's the point: White gives up an
unimportant (second!) pawn to obtain pressure.} Bxh2+ 15. Kh1 Nb6 (15... Bd6
16. Nxd6+ Qxd6 17. b3 $1 {and Black can't castle.}) (15... axb2 $6 16. Bxb2)
16. Nxb6 axb6 17. g3 Bxg3 18. fxg3 Qxg3 (18... a2 $5 19. b3) 19. Qh5 Ra5 $6 {
This adventure doesn't pay off but after} (19... g6 20. Qh2 Qxh2+ 21. Kxh2 f5
22. Bf3 axb2 23. Rxa8+ Bxa8 24. Bxb2 {, despite four pawns for a piece,
Black's position is inferior due to the weakness of dark squares.}) 20. Qxf7+
Kd8 21. Bg2 Rg5 22. Qf3 Qxf3 23. Bxf3 axb2 24. Bxb2 $16 {Now Black has only
three pawns for the missing bishop, and his b7 bishop resembles a big pawn.
White's bishop pair gradually tear down Black's position.} Rf8 25. Be4 Rf6 26.
Rxf6 gxf6 27. Kh2 Kc7 28. Bc3 {[%cal Yc3e1,Ye1g3]} e5 29. dxe5 fxe5 30. Rf1 Kd6
31. Rf7 Bc8 32. Rxh7 Be6 33. Rh6 c5 34. Bd3 Kd7 35. Bb5+ Ke7 36. e4 Rg4 37. Bc6
Rg5 38. Be1 Rg4 39. Bg3 Bc4 40. Bxe5 Bd3 41. Bd6+ Kf7 42. Bd5+ Kg7 43. Re6 c4
44. Kh3 Rg1 45. Be5+ Kf8 46. Rxb6 1-0

[Event "Olympiad-38"]
[Site "Dresden"]
[Date "2008.11.15"]
[Round "3"]
[White "Kramnik, Vladimir"]
[Black "Dominguez Perez, Leinier"]
[Result "1/2-1/2"]
[WhiteElo "2772"]
[BlackElo "2719"]
[Annotator "Krasenkow,M"]
[PlyCount "90"]
[EventDate "2008.11.13"]
[EventType "team-swiss"]
[EventRounds "11"]
[EventCountry "GER"]
[SourceTitle "CBM 128"]
[Source "ChessBase"]
[SourceDate "2009.01.28"]
[SourceVersion "1"]
[SourceVersionDate "2009.01.28"]
[SourceQuality "1"]
[WhiteTeam "Russia"]
[BlackTeam "Cuba"]
[WhiteTeamCountry "RUS"]
[BlackTeamCountry "CUB"]

1. d4 Nf6 2. c4 g6 3. Nc3 d5 4. Qb3 dxc4 5. Qxc4 Bg7 6. e4 O-O 7. Be2 Nfd7 8.
Be3 Nb6 9. Qd3 $146 {[%mdl 8] This move looks quite normal; surprisingly, it
had never been played before.} (9. Qc5 {has been examined in several CBM
issues, most recently in CBM 126, annotations to Alekseev-Kamsky.}) 9... Nc6 ({
The immediate} 9... f5 {deserves attention.}) 10. Rd1 f5 11. Nf3 f4 ({After} 
11... Nb4 12. Qd2 {the white queen takes a comfortable square.}) 12. Bc1 Bg4
13. e5 {White hardly has anything better. The resulting position presents a
typical conflict: which is more important - Black's "dead" g7 bishop or his
outpost on d5?} Qd7 (13... Nb4 $5) 14. Ne4 Rad8 15. Nc5 Qc8 16. Qc3 e6 $6 {
It was essential to push the white knight from c5:} (16... Nd5 17. Qb3 (17. Qc4
b6) 17... b6 18. Ba6 Qb8 19. Ne4 Na5 20. Qa4 c5 $13) 17. h3 Bh5 $6 (17... Bxf3
18. Bxf3 Nxd4 $1 19. Bxb7 Qb8 20. Be4 Bxe5 21. Nxe6 $13) 18. O-O Nd5 19. Qb3
Na5 20. Qc2 Nc6 21. Ng5 $1 {[%csl Re6]} Ndb4 22. Qe4 Bxe2 23. Qxe2 Nxd4 (23...
Rfe8 $142 $14) 24. Rxd4 $1 Rxd4 25. Ncxe6 c5 26. Nxf8 Bxf8 27. Nf3 Rd5 28. e6
Be7 29. Bxf4 $16 {White has won a pawn but he has yet to parry Black's
counterplay.} Nd3 {[%csl Gd3]} 30. Bg3 c4 31. Qe4 Qc6 32. Nd4 (32. b3 $1) 32...
Qc5 33. Nc2 Qc6 34. Ne3 $6 (34. b3 $1 b5 (34... c3 35. Nd4 Qc5 36. Qxd3 Rxd4
37. Qf3 $18) (34... cxb3 35. Nd4 $1 Qc4 36. Qf3 $1 {[%cal Rf3f7,Rd4b3]}) 35.
Rd1 $16 cxb3 $2 36. Nd4) 34... Rc5 35. Qg4 b5 (35... Nxb2 $13 {was quite
possible.}) 36. f4 $2 {This "pseudo-active" move compromises White's position.}
(36. b3 $1 $14) 36... Qe4 37. Qf3 Qxf3 38. Rxf3 Rc6 (38... Nxb2 $2 39. f5 $1
Kg7 40. f6+ $1 Bxf6 41. Bd6 Rc8 42. Ng4 $16) 39. f5 gxf5 40. Nxf5 Bc5+ 41. Kh2
Rxe6 $17 {Everything has turned around. Black has recaptured the pawn, and his
queenside pawn advantage gives him an upper hand.} 42. b3 h5 (42... Ra6 $5 $17)
43. bxc4 bxc4 44. Bc7 Re2 (44... Ra6 $142) 45. Bd6 Bb6 $15 {Black's prospects
are better but the position remains complex; the Cuban GM probably didn't want
to take a risk.} 1/2-1/2

[Event "Olympiad-38"]
[Site "Dresden"]
[Date "2008.11.16"]
[Round "4"]
[White "Kramnik, Vladimir"]
[Black "Sasikiran, Krishnan"]
[Result "1/2-1/2"]
[WhiteElo "2772"]
[BlackElo "2694"]
[Annotator "Rogozenco,D"]
[PlyCount "69"]
[EventDate "2008.11.13"]
[EventType "team-swiss"]
[EventRounds "11"]
[EventCountry "GER"]
[SourceTitle "CBM 128"]
[Source "ChessBase"]
[SourceDate "2009.01.28"]
[SourceVersion "1"]
[SourceVersionDate "2009.01.28"]
[SourceQuality "1"]
[WhiteTeam "Russia"]
[BlackTeam "India"]
[WhiteTeamCountry "RUS"]
[BlackTeamCountry "IND"]

1. Nf3 d5 2. d4 Nf6 3. c4 c6 4. Nc3 a6 5. e3 b5 6. b3 Bg4 7. Be2 Nbd7 8. h3 Bf5
$5 9. g4 {Kramnik chooses the most aggressive continuation, a decision
probably dictated by the fact that it is difficult for White to achieve an
advantage by quiet means. However, objectively Black gets reasonable chances
in the upcoming complications.} Bg6 10. Ne5 Nxe5 {One of several playable
options.} 11. dxe5 Ne4 12. Nxe4 Bxe4 13. f3 Bg6 14. cxd5 cxd5 15. a4 b4 16. e6
Qd6 $1 (16... fxe6 $6 17. Bb2 $44 {[%csl Rf8]}) 17. f4 $146 (17. Qd4 Qxe6 18.
Bb2 Qd6 19. Rc1 e6 (19... f6 $5) 20. h4 f6 21. a5 Be7 22. h5 Bf7 23. h6 $13 {
1-0 Rajlich,I (2421)-Murariu,A (2461)/Budapest 2006 (38)}) 17... Be4 (17...
Qxe6 $2 18. f5 Qe4 19. Bf3 $18) 18. exf7+ Kxf7 19. Bf3 (19. O-O g6 20. Bb2 Bg7
$11) 19... Bxf3 20. Qxf3 g6 21. f5 $6 {An overoptimistic move. Possibly
Kramnik missed his opponent's reply.} ({After} 21. Bb2 Bg7 22. Be5 (22. Bxg7
Kxg7 23. O-O Rac8 24. Rac1 Rc3) 22... Qe6 23. Rd1 Rhd8 24. Bd4 {the position
is equal. For instance:} Rac8 (24... Bxd4 25. Rxd4 Rac8 26. f5 gxf5 27. O-O {
- 24...Rac8} (27. Rxb4 Rc3 28. Kd2 Rdc8 29. Qxf5+ Qxf5 30. gxf5 $11)) 25. f5
gxf5 26. O-O Bxd4 27. Rxd4 (27. exd4 $5 Rc3 28. Qxf5+ Qxf5 29. Rxf5+) 27... Rc3
(27... Kg8 28. gxf5 Qe5 29. Rg4+ Kh8 30. f6 Rc2 31. Qf4 $11) 28. Qxf5+ Qxf5 29.
Rxf5+ $11) 21... Bg7 $1 {Other moves would have fully justified 21.f5.} (21...
gxf5 22. Qxf5+ Ke8 23. Bb2 $16 Qg3+ $140 24. Kd1 Rg8 25. Rf1 $18) (21... Qf6 $2
22. Qxd5+ Kg7 23. O-O (23. Ra2 $18) 23... Qxa1 24. fxg6 $18) 22. Ra2 ({It
turns out that after} 22. fxg6+ {Black simply retreats the king} Ke8 {and
White is in big troubles:} (22... Kxg6 $4 23. Qf5+ Kh6 24. Qh5#) 23. Ra2 (23.
Qf7+ Kd7 24. Qxg7 Qg3+ $19) 23... Rf8 24. Qg2 Rc8 $19) 22... Bc3+ 23. Bd2 Rhf8
24. O-O Kg8 $15 {/-/+} 25. Qf4 e5 {Sasikiran plays for more than a better
endgame.} (25... Qxf4 26. Rxf4 gxf5 27. gxf5 Rac8 $15) 26. Qh6 Rad8 27. e4 (27.
Rc2 $142 d4 $140 28. exd4 Bxd4+ (28... exd4 29. Bf4 Qc6 30. Be5 $132) 29. Kg2
$13 (29. Be3 gxf5 $17)) 27... dxe4 28. Bg5 Rd7 29. Kg2 e3 {By giving back the
pawn the Indian Grandmaster misses his chance.} ({Black is safe on the
kingside even without bringing back the bishop.} 29... Qd5 $1 {would have won
the second pawn without sufficient compensation for White:} 30. Be3 (30. Kh2
Qxb3 31. Re2 Qxa4 $19) (30. fxg6 e3+ $19) 30... gxf5 31. gxf5 Qxb3 32. Kh1 Rg7
$17) 30. Bxe3 Qd5+ 31. Kh2 e4 32. Raf2 Bg7 33. Qg5 Bf6 {Realising that the
advantage has slipped, away Sasikiran decides to repeat moves.} ({The
following variations show that in the final position White is able to keep the
balance:} 33... Qxb3 34. f6 (34. fxg6 Rxf2+ 35. Rxf2 Qe6 36. gxh7+ Kxh7 $17)
34... Rd5 35. Rb1 Qd3 (35... Qc4 $6 36. Qh4) 36. Rd2 Qxd2+ (36... Rxg5 37. Rxd3
Bxf6 38. Rd7 $44) 37. Bxd2 Rxg5 38. Bxg5 Bxf6 39. Bxf6 Rxf6 40. Rxb4 Re6 41.
Kg2 e3 42. Kf1 $11) (33... Rdf7 34. f6 Qd6+ 35. Kg2 Rxf6 36. Rxf6 Rxf6 37. Rxf6
Bxf6 38. Qc5 $1 $11) 34. Qh6 Bg7 35. Qg5 1/2-1/2

[Event "Dortmund SuperGM 37th"]
[Site "Dortmund"]
[Date "2009.07.12"]
[Round "10"]
[White "Kramnik, Vladimir"]
[Black "Naiditsch, Arkadij"]
[Result "1-0"]
[WhiteElo "2759"]
[BlackElo "2697"]
[Annotator "Krasenkow,M"]
[PlyCount "83"]
[EventDate "2009.07.02"]
[EventType "tourn"]
[EventRounds "10"]
[EventCountry "GER"]
[EventCategory "20"]
[SourceTitle "CBM 131"]
[Source "ChessBase"]
[SourceDate "2009.07.15"]
[SourceVersion "1"]
[SourceVersionDate "2009.07.15"]
[SourceQuality "1"]

1. d4 Nf6 2. c4 e6 3. Nf3 d5 4. Nc3 dxc4 5. e4 Bb4 6. Bg5 c5 7. Bxc4 cxd4 8.
Nxd4 Bxc3+ 9. bxc3 Qa5 10. Bb5+ Bd7 11. Bxf6 gxf6 12. Bxd7+ Nxd7 13. O-O a6 14.
Rb1 Qc7 15. Qh5 Nc5 16. Rb4 Qe5 17. Qh6 {A new twist in this well-known
position, first applied by Leko earlier in Dortmund. Previous games have seen:}
(17. Qxe5 fxe5 18. Nb3 Nxb3 19. axb3 O-O-O 20. f4 exf4 21. Rc4+ Kb8 22. Rxf4
$14 {_|_} Rd7 (22... Rd1+ $5 23. Kf2 Rd2+ 24. Kf3 Rhd8) 23. Rd4 Rc7 24. Rd3 Rg8
25. Kf2 a5 $1 26. c4 Ka7 27. Rh3 Rg7 28. Rh5 Ka6 29. Rfh4 a4 $1 30. bxa4 Rxc4 {
Ftacnik,L 1/2 Gulko,B (2610)-Salov,V (2645)/Linares 1990/CBM 017/[Ftacnik] (58)
}) (17. Qh4 Qg5 (17... Rd8 18. Nf3 Qxc3 19. e5 Rg8 $1 (19... f5 20. Rc4 Qa5 21.
Ng5 $16 Ne4 22. Rxe4 fxe4 23. Qf4 Rf8 24. Nxh7 Rh8 25. Ng5 Rf8 26. Nxe4 $18 {
1-0 Tkachiev,V (2661)-Balogh,C (2562)/Khanty Mansiysk 2007/CBM 122 (30)}) 20.
Qxh7 Ke7 21. Rf4 f5 22. Qh4+ Ke8 23. g3 Ne4 24. Rxe4 fxe4 25. Qxe4 Rd5 26. Qf4
Qc2 27. Ng5 Qf5 28. Qxf5 exf5 29. Nh7 Rg6 30. Nf6+ Rxf6 31. exf6 Rd6 32. Re1+
Kf8 33. Re5 Rxf6 {1/2 Gelfand,B (2733)-Aronian,L (2754)/Nalchik RUS 2009/The
Week in Chess 755}) 18. Qh3 Rg8 (18... Qe5 19. Qh4 Qg5 20. Qh3 Qe5 21. Re1 Rd8
22. Qe3 Rg8 23. Nf3 Qc7 24. Rd4 Nd7 25. Red1 Ke7 26. g3 $14 {1/2 Gelfand,B 
(2736)-Jakovenko,D (2710)/Moscow 2007/CBM 122 (44)}) (18... h5 19. Rc4 (19. f4
Qg4 20. Qe3 Rg8 21. Rb2 Rc8 22. Rd2 h4 23. Nf3 h3 24. g3 Kf8 25. Rd4 Kg7 26.
Rfd1 {1/2 Sasikiran,K (2684)-Macieja,B (2606)/Warsaw 2008/CBM 126}) 19... Rc8
20. Nb3 b6 21. Nxc5 Rxc5 22. Qd3 O-O 23. f4 Qg6 24. f5 Qg5 25. Rxc5 bxc5 26.
Qxa6 (26. Kh1 $5) 26... Qe3+ 27. Kh1 Qxe4 28. Qd6 Ra8 $132 {1/2 Meier,G (2558)
-Macieja,B (2600)/Kallithea 2008/CBM 127 (37)}) 19. g3 (19. Rc4 b5 20. Rxc5
Qxc5 21. Nxe6 fxe6 22. Qxe6+ Kf8 23. Qxf6+ Ke8 24. Qe6+ {1/2 Khismatullin,D 
(2584)-Nielsen,P (2629)/Plovdiv 2008/CBM 124}) 19... h5 20. Rc4 Rc8 21. Nb3 b6
22. Nxc5 Rxc5 23. f4 Qg4 24. Qxg4 hxg4 25. Rxc5 bxc5 26. Rb1 Kf8 27. f5 Kg7 28.
fxe6 fxe6 29. Rb6 e5 30. Rxa6 Rd8 $11 {1/2 Werle,J (2582)-Macieja,B (2600)/
Germany 2008/CBM 126 Extra (36)}) (17. Qf3 Rd8 18. Nb3 Nxb3 19. axb3 b5 (19...
Rd7 $5) 20. Qe3 O-O 21. Rd4 a5 22. f4 Qh5 $6 (22... Qc5 $142) 23. Qd3 Rxd4 24.
Qxd4 Qg6 25. Ra1 (25. Rf3 Kh8 26. Rg3 Qh6 27. e5 $14) 25... Ra8 26. c4 bxc4 27.
bxc4 Qh6 28. Qd2 a4 29. c5 a3 $132 {1/2 Romanov,E (2576)-Sargissian,G (2678)/
Moscow RUS 2009/The Week in Chess 746 (37)}) 17... Rc8 18. Nf3 $5 $146 {
[%mdl 8]} (18. a4 Qxe4 19. Qxf6 Rg8 20. Qf3 Rg4 21. Qh3 h5 22. Nb3 Qg6 23. Nxc5
Rxc5 24. Qf3 Rd5 25. g3 Rxb4 26. cxb4 Qc2 27. Qf4 Qxa4 {1/2 Leko,P (2756)
-Naiditsch,A (2697)/Dortmund GER 2009}) 18... Qxc3 19. Rd4 Ke7 20. e5 Nd7 21.
Qh4 $44 {White has obtained unpleasant pressure for the sacrificed pawn, In
practice it is difficult for Black to defend.} Rhg8 22. Kh1 b5 23. h3 Rc4 (
23... Rgd8 $5) 24. Rxd7+ $5 Kxd7 25. Qxf6 Qd3 {Of course, it was not easy to
find} (25... Ke8 26. Rd1 Rc8 27. Ng5 Qc7 $1 (27... Rxg5 $143 28. Qxg5 Qc2 29.
Rd2 Qg6 30. Qh4 $36) 28. Ne4 (28. Nxh7 $2 Qc2) 28... Kf8 $1 29. Ng5 Rxg5 (29...
Ke8 $5) 30. Qxg5 Qc2 {with sufficient counterchances. After the text move
White obtains formidable passed pawns and a formal material plus but the
position remains complicated.}) 26. Qxf7+ Kc6 27. Qxe6+ Kb7 28. Re1 Rg6 29.
Qf7+ Rc7 30. Qf4 Rc4 31. Qf8 Rc8 32. Qe7+ Rc7 33. Qh4 Qc4 $6 (33... Qd5 $13) (
33... Rcg7 $13) 34. Nd4 $1 {The knight paves the way for the pawns.} Qxa2 $2 {
This unnecessary capture enables White to centralize his position and obtain
an advantage.} (34... Qd5 $6 35. Qe4 Qxe4 36. Rxe4 {[%cal Rf2f4]}) (34... Rd7
$142 $1 35. Nf5 $1 (35. e6 Qxd4 36. Qxd4 Rxd4 37. e7 Rg8 38. e8=Q Rxe8 39. Rxe8
Rd2 $44) 35... Qd5 36. Re4 {, and only now} Qxa2 $13) 35. Qe4+ {[%csl Gd4,Ge4,
Ge5]} Kb6 (35... Kb8 36. e6 $16 Qxf2 $140 37. Rd1 {[%cal Rd4c6]}) 36. Qe3 $1 (
36. e6 $6 Qxf2) 36... Kb7 37. Qf3+ Kb6 38. Nb3 $1 {[%csl Ra2] Cutting off the
black queen.} Rc2 $2 {This "active" move loses at once. Black has no time to
create counterplay.} (38... Qa3 39. e6 $16 {[%csl Ge6] It is important that
the f-pawn will join its neighbour in due time.}) 39. Qe3+ Kb7 40. e6 Rxf2 41.
Qe4+ Kb6 42. Qd4+ {White mates first, e.g.} (42. Qd4+ Kb7 43. Qd5+ Kb6 44. e7
Rfxg2 45. Qd8+ Kb7 46. Qc8+ Kxc8 47. e8=Q+ Kb7 48. Re7+ Kb6 49. Qd8+ Kc6 50.
Qd7+ Kb6 51. Qb7#) 1-0

[Event "Moscow Tal Memorial 4th"]
[Site "Moscow"]
[Date "2009.11.06"]
[Round "2"]
[White "Kramnik, Vladimir"]
[Black "Anand, Viswanathan"]
[Result "1/2-1/2"]
[WhiteElo "2772"]
[BlackElo "2788"]
[Annotator "Krasenkow,M"]
[PlyCount "57"]
[EventDate "2009.11.05"]
[EventType "tourn"]
[EventRounds "9"]
[EventCountry "RUS"]
[EventCategory "21"]
[SourceTitle "CBM 133"]
[Source "ChessBase"]
[SourceDate "2009.11.19"]
[SourceVersion "1"]
[SourceVersionDate "2009.11.19"]
[SourceQuality "1"]

1. d4 Nf6 2. c4 g6 3. Nc3 d5 4. cxd5 Nxd5 5. e4 Nxc3 6. bxc3 Bg7 7. Nf3 c5 8.
Rb1 O-O 9. Be2 cxd4 10. cxd4 Qa5+ 11. Bd2 Qxa2 12. O-O Bg4 13. Bg5 h6 14. Bh4
g5 15. Bg3 Nc6 16. d5 Rad8 17. Rxb7 e6 ({The main move} 17... f5 {was examined
in CBM 128, annotations to Mamedyarov - Grischuk by GM L.Ftacnik.}) 18. Bc7
Bxf3 $1 $146 {[%mdl 8] This novelty rehabilitates the 17...e6 line.} (18...
exd5 19. Bxd8 dxe4 20. Be7 Re8 $6 (20... Nxe7 $142 21. Rxe7 exf3 22. Bxf3 Bxf3
23. Qxf3 a5 $1 $132 {Ftacnik}) 21. Bb5 $1 (21. Bc5 Rd8 22. Qb3 Qxb3 23. Rxb3
Rd5 24. Ba3 exf3 25. Bxf3 Bxf3 26. Rxf3 Nd4 $14 {1-0 Chernin,A (2600)-Horvath,
J (2505)/Hungary 1992/CBM 034/[Ftacnik] (36)}) 21... Rxe7 (21... exf3 22. Bxc6
fxg2 23. Bxe8 $1 Bxd1 24. Rxd1 $18 {Chernin}) 22. Bxc6 Rxb7 23. Bxb7 exf3 24.
Bxf3 Bxf3 25. Qxf3 a5 26. h4 $1 gxh4 27. Re1 $18) (18... Rd7 $6 19. Bb5 {
Ftacnik}) 19. Bxf3 Rd7 20. dxc6 $5 {This queen sacrifice leads to a drawish
position but} (20. d6 Qa6 21. Rb1 Nd4 {doesn't offer White any real chances
either.}) 20... Rxd1 21. Rxd1 Qc2 22. Bd6 g4 $1 23. Bxg4 Qxc6 24. Rc7 Qb6 25.
Rd7 Rd8 (25... Rc8 26. Bh5 $132) 26. Bc7 Rxd7 27. Bxb6 Rxd1+ 28. Bxd1 axb6 29.
Kf1 1/2-1/2

[Event "Moscow Tal Memorial 4th"]
[Site "Moscow"]
[Date "2009.11.08"]
[Round "4"]
[White "Kramnik, Vladimir"]
[Black "Svidler, Peter"]
[Result "1-0"]
[WhiteElo "2772"]
[BlackElo "2754"]
[Annotator "Krasenkow,M"]
[PlyCount "73"]
[EventDate "2009.11.05"]
[EventType "tourn"]
[EventRounds "9"]
[EventCountry "RUS"]
[EventCategory "21"]
[SourceTitle "CBM 133"]
[Source "ChessBase"]
[SourceDate "2009.11.19"]
[SourceVersion "1"]
[SourceVersionDate "2009.11.19"]
[SourceQuality "1"]

1. d4 Nf6 2. c4 g6 3. Nc3 d5 4. cxd5 Nxd5 5. e4 Nxc3 6. bxc3 Bg7 7. Be3 c5 8.
Rc1 Qa5 9. Qd2 O-O 10. Nf3 Bg4 11. d5 Na6 {A rare move in this position,
compared to the main continuations} (11... Bxf3) ({and (rather less accurate)} 
11... Nd7) 12. h4 $5 $146 {[%mdl 136] According to Kramnik, White overcomes an
"optical illusion" that this move is senseless after ...Bc8-g4. In fact, it
creates a serious threat 13.Nh2, and after the retreat of the bishop 14.h5.
This way White exploits the main drawback of 11...Na6 - the absence of the
black knight from the centre.} (12. c4 $6 {is now met by a strong reply} Nb4 $1
{(that's the idea behind 11...Na6!)}) (12. Bxa6 Qxa6 13. c4 b5 $5 14. O-O bxc4
15. Qe2 Bd7 $6 (15... Bxf3 16. gxf3 Bd4 $1 $11 17. Qxc4 $140 Qf6 $1) 16. Bxc5
Bb5 17. Qe3 Qxa2 18. Bxe7 Rfe8 19. d6 $16 {1/2 Schneider Zinner,H (2348)
-Balinov,I (2388)/Gmunden 2005/CBM 107 ext (167)}) (12. Be2 c4 $5 13. Bd4 Nc5
14. Bxg7 Kxg7 15. Bxc4 Nxe4 16. Qd4+ Nf6 17. Ne5 Qb6 18. Qxb6 axb6 19. f3 Bc8
20. Nd3 Ne8 21. Bb3 Nd6 $11 {1/2 Serper,G (2522)-Ehlvest,J (2603)/ICC INT 2008/
CBM 126 Extra (33)}) (12. Ng5 b5 (12... Rad8 13. h3 Bc8 14. Bxa6 Qxa6 15. Bxc5
Rfe8 16. c4 $16 {0-1 Knoll,H (2355)-Balinov,I (2388)/Gmunden 2005/CBM 107 ext 
(52)}) 13. h3 Bd7 14. Bd3 (14. Be2 $142) 14... c4 15. Be2 Rac8 16. O-O Nc5 17.
f4 h6 18. Bxc5 Rxc5 19. Nf3 Qb6 $11 {1-0 Grischuk,A (2719)-Morozevich,A (2787)/
Almaty 2008/EXT 2009 (29)}) 12... f5 (12... Rad8 13. Nh2 Bc8 14. h5 f5 $5 {
was probably the critical reaction to White's plan although he retains the
initiative after} 15. hxg6 hxg6 16. exf5 Bxf5 17. Nf3 {[%cal Re3h6]}) 13. exf5
Bxf5 (13... gxf5 14. Bf4 $16 {[%csl Gf4][%cal Rf3e5]}) 14. h5 $16 {"In my
opinion, Black has a horrible position. White has got an attack with equal
material and a strategical advantage." (V.Kramnik after the game)} Rad8 15.
hxg6 Bxg6 (15... hxg6 $2 16. Bh6 $18) 16. Bh6 $1 (16. Nh4 $143 $6 Be4 {Kramnik}
) (16. Bd3 $143 $6 Nc7 {forcing c3-c4 and the exchange of queens.}) 16... Bxh6
17. Rxh6 Rf6 18. Ne5 {[%csl Ge5]} Qa4 19. Qe3 $1 {[%cal Re5g6,Rf1c4]} (19. Bc4
$2 Re6 $1 {M.Fominyh, Barsky}) (19. f3 $6 Re6 $1 {Kramnik}) 19... Qf4 {Black
must give up a pawn; besides, his poor a6 knight is still out of play.} (19...
Qe4 $4 20. Rxg6+) 20. Qxf4 Rxf4 21. Nxg6 hxg6 22. Rxg6+ Kf7 23. Rg5 Re4+ (23...
Nc7 $142 24. c4 {but Black is technically lost anyway.}) 24. Be2 Kf6 25. Rh5
Kg6 26. g4 Rf8 27. Rd1 Rf6 28. Rh8 Kg7 29. Rd8 Rb6 30. f3 Re3 31. Rd3 Re5 32.
Kf2 Rh6 33. Bf1 Rh2+ 34. Kg3 Rxa2 35. d6 exd6 36. R3xd6 Re7 37. R6d7 1-0